000 00379nam a2200157Ia 4500
008 230917s9999||||xx |||||||||||||| ||und||
040 _e60713
_aMAIN
041 _aEnglish
082 _a657.45 G959C
100 _aGupta, Kamal
245 0 _aContemporary auditing
250 _a2nd ed.
260 _aNew Delhi
_bTata McGraw-Hill
_c1979
300 _axvi, 683 p.
942 _cBK
999 _c217394
_d217394